Notes and anecdotes of many years.

Bibliographic Details
Main Author: Bishop, Joseph Bucklin, 1847-1928
Format: Book
Language:English
Published: Freeport, N.Y. : Books for Libraries Press, [1970]
Series:Essay index reprint series
Subjects:

MARC

Tag First Indicator Second Indicator Subfields
LEADER 00000cam a2200000 4500
001 in00000320821
005 20151011050515.0
008 710122r19701925nyuc 00000ceng
010 |a  78128210  
020 |a 0836919041 
035 |a (OCoLC)00111747 
035 |9 ABK1697AM 
040 |a DLC  |c DLC  |d TXA  |d UtOrBLW 
049 |a TXAM  |c [533038] 
050 0 |a CT214  |b .B5 1970 
082 0 |a 920.073 
100 1 |a Bishop, Joseph Bucklin,  |d 1847-1928. 
245 1 0 |a Notes and anecdotes of many years. 
264 1 |a Freeport, N.Y. :  |b Books for Libraries Press,  |c [1970] 
300 |a 236 pages :  |b portrait ;  |c 23 cm. 
336 |a text  |b txt  |2 rdacontent 
337 |a unmediated  |b n  |2 rdamedia 
338 |a volume  |b nc  |2 rdacarrier 
490 0 |a Essay index reprint series 
500 |a Reprint of the 1925 edition. 
505 0 |a A plea for anecdotage.--"The Tribune" and Horace Greeley.--The tragic Greeley campaign.--Two famous preachers.--John Hay.--Isaac H. Bromley--William Winter.--Edwin L. Godkin.--Theodore Roosevelt.--Friends of many kinds.--Maj.-Gen. George W. Goethals. 
651 0 |a United States  |v Biography. 
999 |a MARS 
999 f f |s 18b40950-db9e-366e-a54f-c9b02c679718  |i f3d05bc1-678f-3427-bbfb-3cae9878d4fd  |t 0 
952 f f |p ric  |a Texas A&M University  |b Rellis Campus  |c Joint Library Facility  |d Remote Storage  |t 0  |e CT214 .B5 1970  |h Library of Congress classification  |i unmediated -- volume  |m A14801855675 
998 f f |a CT214 .B5 1970  |t 0  |l Remote Storage